Catálogo público

Irrigation in Africa in figures : (Record no. 92523)

MARC details
000 -CABECERA
campo de control de longitud fija 01259nam a22003977a 4500
003 - IDENTIFICADOR DEL NÚMERO DE CONTROL
campo de control CHAP
005 - FECHA Y HORA DE LA ÚLTIMA TRANSACCIÓN
campo de control 20240522130919.0
008 - DATOS DE LONGITUD FIJA--INFORMACIÓN GENERAL
campo de control de longitud fija 060810d2005 it rn 00110 eng d
010 ## - NÚMERO DE CONTROL DE LA BIBLIOTECA DEL CONGRESO
Número de control de LC 92523
011 ## - ENLACE DEL NUMERO DE CONTROL DE LA BIBLIOTECA DEL CONGRESO [OBSOLETO]
Número de control de LC 93495
020 ## - NÚMERO INTERNACIONAL ESTÁNDAR DEL LIBRO
Número Internacional Estándar del Libro 9251054142
035 ## - NÚMERO DE CONTROL DEL SISTEMA
Número de control de sistema 104069
040 ## - FUENTE DE LA CATALOGACIÓN
Centro/agencia transcriptor CHAP
082 04 - NÚMERO DE LA CLASIFICACIÓN DECIMAL DEWEY
Número de clasificación 628.1
Número de documento/Ítem F34 v.29
110 2# - ENTRADA PRINCIPAL--NOMBRE DE ENTIDAD CORPORATIVA
Nombre de entidad corporativa o nombre de jurisdicción como elemento de entrada FAO
245 10 - MENCIÓN DE TÍTULO
Título Irrigation in Africa in figures :
Resto del título Aquastat survey - 2005
Mención de responsabilidad, etc. /ed. by Karen Frenken
260 ## - PUBLICACIÓN, DISTRIBUCIÓN, ETC.
Lugar de publicación, distribución, etc. Rome :
Nombre del editor, distribuidor, etc. FAO,
Fecha de publicación, distribución, etc. 2005.
300 ## - DESCRIPCIÓN FÍSICA
Extensión 74 p. ;
Otras características físicas cuadros ; gráfs., + 1 disco compacto de 4 3/4 plgs.
410 20 - MENCIÓN DE SERIE/PUNTO DE ACCESO ADICIONAL--ENTIDAD CORPORATIVA [OBSOLETO, CAN/MARC], [LOCAL, USA]
Nombre de entidad corporativa o nombre de jurisdicción como elemento de entrada FAO
490 #0 - MENCIÓN DE SERIE
Mención de serie Informes sobre temas hídricos
Designación de volumen o secuencia ; 29
500 ## - NOTA GENERAL
Nota general Contiene un CD
590 ## - NOTA LOCAL (RLIN)
Nota local BATCH-UPD
Procedencia (VM) [OBSOLETO] 10
Condición del los carretes individuales (VM) [OBSOLETO] 20130110
590 ## - NOTA LOCAL (RLIN)
Nota local BATCH-UPD
Procedencia (VM) [OBSOLETO] 10
Condición del los carretes individuales (VM) [OBSOLETO] 20130410
590 ## - NOTA LOCAL (RLIN)
Nota local BATCH-UPD
Procedencia (VM) [OBSOLETO] 10
Condición del los carretes individuales (VM) [OBSOLETO] 20130914
590 ## - NOTA LOCAL (RLIN)
Nota local BATCH-UPD
Procedencia (VM) [OBSOLETO] 10
Condición del los carretes individuales (VM) [OBSOLETO] 20191107
590 ## - NOTA LOCAL (RLIN)
Nota local CONVERSION
Procedencia (VM) [OBSOLETO] 10
Condición del los carretes individuales (VM) [OBSOLETO] 20130109
650 14 - PUNTO DE ACCESO ADICIONAL DE MATERIA--TÉRMINO DE MATERIA
Término de materia o nombre geográfico como elemento de entrada Irrigación
Subdivisión general Africa.
9 (RLIN) 60368
700 1# - PUNTO DE ACCESO ADICIONAL--NOMBRE DE PERSONA
Nombre de persona Frenken, Karen.
9 (RLIN) 43178
810 0# - PUNTO DE ACCESO ADICIONAL DE SERIE--NOMBRE DE ENTIDAD CORPORATIVA
Nombre de entidad corporativa o nombre de jurisdicción como elemento de entrada FAO
830 00 - PUNTO DE ACCESO ADICIONAL DE SERIE-TÍTULO UNIFORME
Título uniforme Informes sobre temas hídricos
Designación de volumen o secuencia ; 29
9 (RLIN) 58154
901 ## - ELEMENTOS DE DATOS A LOCAL LDA (RLIN)
a BK
905 ## - ELEMENTOS DE DATOS E LOCAL, LDE (RLIN)
a Alejandra Carrasco M.
942 ## - ELEMENTOS DE PUNTO DE ACCESO ADICIONAL (KOHA)
Tipo de ítem Koha CD
Fuente del sistema de clasificación o colocación Dewey Decimal Classification
949 ## - PROCESAMIENTO DE INFORMACIÓN LOCAL (OCLC)
a 628.1 F34 v.29
b BC
c FAO
d 33724000992640
e FAO1
g DonaciØn
h 107782
i 104069
s b
949 ## - PROCESAMIENTO DE INFORMACIÓN LOCAL (OCLC)
a 628.1 F34 v.29
b BC
c FAO
d 33724002025660
e CD
f CD
g DonaciØn
i 104069
s b
Holdings
Estado de retiro Estado de pérdida Fuente del sistema de clasificación o colocación Estado dañado Restricciones de uso No para préstamo Código de colección Localización permanente Ubicación/localización actual Ubicación en estantería Fecha de adquisición Fuente de adquisición Total de préstamos Signatura topográfica completa Código de barras Fecha visto por última vez Precio válido a partir de Tipo de ítem Koha Nota pública
    Clasificación Universidad Autónoma de Chapingo   Préstamo interno   Material multimedia Biblioteca Central Biblioteca Central Planta Principal - Área de préstamo - Mat. Multimedia 17/12/2012 Donacion   628.1 F34 v.29 33724002586115 31/12/2019 31/12/2019 CD Material complementario
    Dewey Decimal Classification   Préstamo interno   Publicaciones FAO Biblioteca Central Biblioteca Central Planta Principal - Área de préstamo - FAO 31/12/2019 Donacion   628.1 F34 v.29 33724000992640 31/12/2019 31/12/2019 Libro